000 01002nam a2200313 a 4500
001 000109137
003 CHAP
005 20220329144039.0
008 140407s2011 waua |r| |||||||spa d
010 _a105599
011 _a106571
040 _cCHAP
090 _aFolleto 18417
110 2 0 _aPopulation Reference Bureau Inc. Washington
_990915
245 1 0 _aCuadro de datos de la población mundial /
_cpor Población y desarrollo económico.
260 _aWashington, DC :
_bPopulation Reference Bureau,
_c2011-.
300 _av. :
_bil., gráfs.
504 _aLa biblioteca tiene : 2011, 2013
590 _aE5995AHE
_b05
_c20140407
_lUCH01
_h0856
590 _aE5995AHE
_b05
_c20140407
_lUCH01
_h0857
590 _aE5995AHE
_b05
_c20140407
_lUCH01
_h0857
590 _aE5995AHE
_b05
_c20140407
_lUCH01
_h0911
590 _aE5995AHE
_b05
_c20141008
_lUCH01
_h1012
590 _aE5995AHE
_b05
_c20141008
_lUCH01
_h1012
650 4 _aPoblación.
_989360
901 _aBK
942 _cFOLL
942 _n0
999 _c105599
_d105599